|
|
|
|
| LEADER |
01071nam a2200265 a 4500 |
| 001 |
GR-MES2285 |
| 008 |
991111s gr 000 0 gre d |
| 020 |
|
|
|a 9607012348
|
| 040 |
|
|
|a GrPaTEI
|b gre
|c GR-PaULI
|
| 245 |
0 |
0 |
|a Περιβάλλον.
|
| 260 |
|
|
|a Αθήνα :
|b Σιδέρης
|
| 300 |
|
|
|a 155σελ. :
|b εικ.,πιν.
|
| 490 |
1 |
|
|a Φυση και πολιτισμός
|
| 500 |
|
|
|a περιέχει βιβλιογραφικές αναφορές
|
| 650 |
|
4 |
|a ΑΤΜΟΣΦΑΙΡΑ
|
| 650 |
|
4 |
|a ΘΑΛΑΣΣΑ
|
| 650 |
|
4 |
|a Νερό
|
| 650 |
|
4 |
|a Περιβάλλον
|
| 700 |
1 |
|
|a Αλεξάκης, Αλέξανδρος Σ.,
|d 1944-
|
| 710 |
0 |
|
|a Σιδέρης
|
| 830 |
|
0 |
|1 0015576
|1 2001
|a Strategic survey 1994-1995 (The international institute for strategic studies)
|
| 942 |
|
|
|2 ddc
|
| 952 |
|
|
|0 0
|1 0
|2 ddc
|4 0
|6 33_700000000000000_ΑΛΕ
|7 0
|9 266619
|a MSLG
|b MSLG
|c BSC
|d 2021-01-17
|e 24
|f 0
|g 0.00
|l 0
|o 33.7 ΑΛΕ
|p 2420000006580
|r 2021-01-17 00:00:00
|t 1
|w 2021-01-17
|y BK15
|x 19991111 0 1
|x GrPaTEI
|
| 971 |
|
|
|a .b25733291
|b 16-04-20
|c 13-09-16
|
| 999 |
|
|
|c 153410
|d 153410
|